| 000 | 00378nam a2200157Ia 4500 | ||
|---|---|---|---|
| 100 | _aAlciatore/David G/ Histand/Michael B | ||
| 250 | _a2 | ||
| 942 | _cBK | ||
| 366 | _f15 | ||
| 654 | _amechatronics | ||
| 245 | _aIntroduction to Mechatronics and Measurement system | ||
| 260 |
_bTata Mc Graw hill _c2003 |
||
| 082 |
_a621.381042 _bALC |
||
| 300 | _a466 | ||
| 546 | _aENGLISH | ||
| 999 |
_c34343 _d34343 |
||